Normal view
MARC view
Entry Topical Term
001 - CONTROL NUMBER
- control field: 248846
003 - CONTROL NUMBER IDENTIFIER
- control field: OSt
005 - DATE AND TIME OF LATEST TRANSACTION
- control field: 20251211121005.0
008 - FIXED-LENGTH DATA ELEMENTS
- fixed length control field: 251211|| aca||aabn | a|a d
040 ## - CATALOGING SOURCE
- Original cataloging agency: OSt
- Transcribing agency: OSt
150 ## - HEADING--TOPICAL TERM
- Topical term or geographic name entry element: Kannada Fiction
670 ## - SOURCE DATA FOUND
- Source citation: Work cat.: (OSt)180172: KRASHNASHASTRI (A R) ಕೃಷ್ಣಶಾಸ್ತ್ರಿ ಎ.ಆರ್ 248845, Kathamrata., 1952